<?xml version="1.0" encoding="UTF-8"?><?xml-stylesheet type="text/xsl" href="static/style.xsl"?><OAI-PMH xmlns="http://www.openarchives.org/OAI/2.0/" xmlns:xsi="http://www.w3.org/2001/XMLSchema-instance" xsi:schemaLocation="http://www.openarchives.org/OAI/2.0/ http://www.openarchives.org/OAI/2.0/OAI-PMH.xsd"><responseDate>2026-04-27T22:00:34Z</responseDate><request verb="GetRecord" identifier="oai:uvadoc.uva.es:10324/28650" metadataPrefix="marc">https://uvadoc.uva.es/oai/request</request><GetRecord><record><header><identifier>oai:uvadoc.uva.es:10324/28650</identifier><datestamp>2021-06-29T19:55:20Z</datestamp><setSpec>com_10324_38</setSpec><setSpec>col_10324_852</setSpec></header><metadata><record xmlns="http://www.loc.gov/MARC21/slim" xmlns:doc="http://www.lyncode.com/xoai" xmlns:xsi="http://www.w3.org/2001/XMLSchema-instance" xmlns:dcterms="http://purl.org/dc/terms/" xsi:schemaLocation="http://www.loc.gov/MARC21/slim http://www.loc.gov/standards/marcxml/schema/MARC21slim.xsd">
<leader>00925njm 22002777a 4500</leader>
<datafield tag="042" ind1=" " ind2=" ">
<subfield code="a">dc</subfield>
</datafield>
<datafield tag="720" ind1=" " ind2=" ">
<subfield code="a">Patiño Correa, Jesús</subfield>
<subfield code="e">author</subfield>
</datafield>
<datafield tag="260" ind1=" " ind2=" ">
<subfield code="c">2017</subfield>
</datafield>
<datafield tag="520" ind1=" " ind2=" ">
<subfield code="a">La aplicación del marketing a la comercialización de productos culturales ha generado controversia entre los expertos, atendiendo a la importancia que representan estos activos y que se refleja en la creación de órganos dedicados a su protección, como la UNESCO. Con el surgimiento de espacios virtuales que han modificado las pautas de consumo y producción de las artes, se hace necesario investigar cómo las nuevas técnicas de marketing digital se adaptan a las particularidades del sector y la capacidad que tienen las organizaciones de aplicar estas herramientas, en concreto la compañía circense Cirque du Soleil.</subfield>
</datafield>
<datafield tag="024" ind2=" " ind1="8">
<subfield code="a">http://uvadoc.uva.es/handle/10324/28650</subfield>
</datafield>
<datafield tag="245" ind1="0" ind2="0">
<subfield code="a">El marketing digital aplicado a las organizaciones culturales</subfield>
</datafield>
</record></metadata></record></GetRecord></OAI-PMH>